[Event "SLO-chT1 West"]
[Site "Ljubljana"]
[Date "2012.10.13"]
[Round "8.5"]
[White "Ursic, Aleksander"]
[Black "Tomasev, Nenad"]
[Result "0-1"]
[WhiteElo "1977"]
[BlackElo "2049"]
[PlyCount "108"]
[EventDate "2012.09.21"]
[EventType "team-tourn"]
[EventRounds "9"]
[EventCountry "SLO"]
[SourceTitle "EXT 2022"]
[Source "ChessBase"]
[SourceDate "2021.10.06"]
[SourceVersion "1"]
[SourceVersionDate "2021.10.06"]
[SourceQuality "1"]
[WhiteTeam "Sezana"]
[BlackTeam "Komenda SK"]
[WhiteTeamCountry "SLO"]
[BlackTeamCountry "SLO"]

1. d4 d5 2. Nf3 Nc6 3. Bf4 Bg4 4. Nbd2 e6 5. e3 Bd6 6. c3 Qf6 7. Qa4 Bxf4 8. exf4 Bxf3 9. Nxf3 Qxf4 10. Ba6 0-0-0 11. Qxc6 Qe4+ 12. Kd1 bxa6 13. Qxa6+ Kb8 14. Ne5 Rd6 15. Qb5+ Rb6 16. Nd7+ Kc8 17. Nxb6+ axb6 18. f3 Qg6 19. a4 Qxg2 20. Rf1 Ne7 21. a5 Nf5 22. Qd3 Ne3+ 23. Qxe3 Qxf1+ 24. Qe1 Qxe1+ 25. Kxe1 bxa5 26. Rxa5 Kb7 27. Ra1 Ra8 28. Rb1 Ra2 29. Kd2 Kb6 30. Kc2 c5 31. Rd1 c4 32. f4 Kc6 33. Rf1 Kd6 34. Rg1 g6 35. h4 h5 36. Kb1 Ra7 37. Rg5 Ke7 38. Re5 Kf6 39. Rg5 Kg7 40. Re5 Ra8 41. Re1 Kh6 42. Re5 Ra6 43. Rg5 f6 44. Rg1 Ra7 45. Re1 Re7 46. Kc2 g5 47. hxg5+ fxg5 48. f5 Kg7 49. fxe6 Kf6 50. Re5 Rxe6 51. Rxd5 h4 52. Ra5 Re2+ 53. Kd1 Rxb2 54. d5 h3 0-1

[Event "SLO-chT1 West"]
[Site "Ljubljana"]
[Date "2012.09.23"]
[Round "3.5"]
[White "Dezelak, Brane"]
[Black "Tomasev, Nenad"]
[Result "1-0"]
[WhiteElo "2055"]
[BlackElo "2049"]
[PlyCount "69"]
[EventDate "2012.09.21"]
[EventType "team-tourn"]
[EventRounds "9"]
[EventCountry "SLO"]
[SourceTitle "EXT 2022"]
[Source "ChessBase"]
[SourceDate "2021.10.06"]
[SourceVersion "1"]
[SourceVersionDate "2021.10.06"]
[SourceQuality "1"]
[WhiteTeam "Kranj Stari Mayr"]
[BlackTeam "Komenda SK"]
[WhiteTeamCountry "SLO"]
[BlackTeamCountry "SLO"]

1. d4 d5 2. c4 Nc6 3. e3 e5 4. cxd5 Qxd5 5. Nc3 Bb4 6. Bd2 Bxc3 7. bxc3 Nf6 8. c4 Qd6 9. d5 Ne7 10. Qb1 0-0 11. Bb4 c5 12. Bc3 Bf5 13. Qb2 Nd7 14. Nf3 f6 15. h3 Rab8 16. a4 a6 17. Nh4 e4 18. Qc2 Rfe8 19. g4 Bg6 20. Bg2 b5 21. axb5 axb5 22. Nxg6 Nxg6 23. Bxe4 bxc4 24. 0-0 Nde5 25. Bxe5 Rxe5 26. Bxg6 hxg6 27. Rfd1 f5 28. Qxc4 Rb4 29. Qa6 Rb6 30. Qc8+ Kf7 31. Ra7+ Kf6 32. f4 fxg4 33. fxe5+ Qxe5 34. Rf1+ Kg5 35. Qxg4+ 1-0

[Event "Ljubljana Winter op"]
[Site "Ljubljana"]
[Date "2012.02.14"]
[Round "4"]
[White "Tomasev, Nenad"]
[Black "Markoja, Sebastijan"]
[Result "1-0"]
[WhiteElo "2035"]
[BlackElo "1963"]
[PlyCount "83"]
[EventDate "2012.01.04"]
[EventType "swiss"]
[EventRounds "9"]
[EventCountry "SLO"]
[SourceTitle "EXT 2023"]
[Source "ChessBase"]
[SourceDate "2022.10.05"]
[SourceVersion "1"]
[SourceVersionDate "2022.10.05"]
[SourceQuality "1"]

1. e4 e5 2. Nf3 Nc6 3. d4 exd4 4. Nxd4 Bc5 5. Nb3 Bb6 6. Qe2 d6 7. Be3 Nge7 8. Nc3 0-0 9. 0-0-0 Kh8 10. g4 Bxe3+ 11. Qxe3 Bxg4 12. Rd2 f5 13. Qg3 Ng6 14. h4 Bh5 15. Be2 f4 16. Qg1 f3 17. Bb5 Nf4 18. Bxc6 bxc6 19. Nd4 Qf6 20. Nf5 Rab8 21. Ng3 Ne2+ 22. Rxe2 fxe2 23. Nxh5 Qh6+ 24. Qg5 Rxf2 25. Ng3 Rh2 26. Ncxe2 Rxh1+ 27. Nxh1 Qe6 28. Nc3 d5 29. Ng3 d4 30. Nf5 Qe5 31. Ne2 d3 32. cxd3 Qxb2+ 33. Kd1 g6 34. Ne7 Rf8 35. Nf4 Qb1+ 36. Ke2 Qc2+ 37. Ke3 Qc1+ 38. Kf3 Qh1+ 39. Ke2 Qh2+ 40. Ke3 Qb2 41. Nfxg6+ hxg6 42. Qh6# 1-0